Szczegóły MARC
| 000 -Nagłówek |
| fixed length control field |
02474cam a2200613 i 4500 |
| 001 - Nr kontrolny bibl., która utworzyła rek. |
| control field |
xx004702195 |
| 003 - Siglum bibl., której nr kontr. jest w 001 |
| control field |
NUKAT |
| 005 - Data i czas ostatniej operacji |
| control field |
20260331110507.0 |
| 008 - Elementy pola stałej długości |
| fixed length control field |
190918s2019 pl a |000 0 pol c |
| 020 ## - ISBN |
| ISBN |
9788395109218 |
| dopowiedzenie |
(oprawa twarda) |
| 035 ## - Systemowy numer kontrolny |
| systemowy numer kontrolny |
(OCoLC)1121447794 |
| 035 ## - Systemowy numer kontrolny |
| systemowy numer kontrolny |
(NUKAT)xx004702195 |
| 040 ## - Instytucja sporządzająca opis |
| Instytucja, która sporządziła opis |
OLSZT 003/JG |
| język katalgowania-trzyzn. kod |
pol |
| zasady opisu |
rda |
| Instytucja, która sporządziła rekord |
OLSZT 003/JGs |
| Instytucja, która zmodyfikowała rekord |
OLSZT 003/ISO |
| -- |
OLSZT 008/bak |
| 045 2# - Okres czasu dla zawartości |
| czas między r. 9999 pne a nasz. czas. |
d1927 |
| -- |
d2019 |
| 046 ## - Kod rodz. daty, data1, data2 (daty pne) |
| Begin/single date |
2019 |
| 100 1# - Hasło główne-nazwa osobowa |
| Nazwa osobowa |
Piotrowska, Helena. |
| rodzaj współpracy |
Autor |
| -- |
Wydawca |
| 9 (RLIN) |
39220 |
| 245 10 - Tytuł właściwy i oznaczenie odpow. |
| tytuł |
Został tylko żuraw : |
| dodatek do tytułu |
Jan Franciszek Rutkowski strażnik pamięci Wołynia / |
| dod. inf. ze s. tyt./ozn. odpow. |
Helena Piotrowska. |
| 260 ## - Adres wydawniczy |
| miejsce wydania, dystrybucji itp. |
Olsztyn : |
| nazwa wydawcy, dystrybutora itp. |
Helena Piotrowska, |
| data wydania, dystrybucji itp. |
2019. |
| 300 ## - Opis fizyczny |
| objętość i/lub forma materiału |
208 stron : |
| inne szczegóły opisu fizycznego |
ilustracje ; |
| format |
30 cm. |
| 336 ## - Content Type |
| Term |
Tekst |
| Code |
txt |
| Source |
rdacontent |
| 337 ## - Media Type |
| Term |
Bez urządzenia pośredniczącego |
| Code |
n |
| Source |
rdamedia |
| 338 ## - Carrier Type |
| Term |
Wolumin |
| Code |
nc |
| Source |
rdacarrier |
| 380 ## - Form of work |
| Form of work |
Książki |
| 380 ## - Form of work |
| Form of work |
Literatura faktu, eseje, publicystyka |
| 388 1# - TIME PERIOD OF CREATION |
| Time period of creation term |
2001- |
| 600 37 - Hasło przedmiotowe-nazwa osobowa |
| nazwa osobowa |
Rutkowscy |
| tyt., in. dopowiedz. dot. nazwy |
(rodzina) |
| źródło hasła |
DBN |
| 9 (RLIN) |
39221 |
| 600 17 - Hasło przedmiotowe-nazwa osobowa |
| nazwa osobowa |
Rutkowski, Jan Franciszek |
| daty biograficzne |
(1927- ) |
| źródło hasła |
DBN |
| 9 (RLIN) |
39222 |
| 600 17 - Hasło przedmiotowe-nazwa osobowa |
| nazwa osobowa |
Rutkowski, Jan Franciszek |
| daty biograficzne |
(1927-2022). |
| źródło hasła |
kaba |
| 9 (RLIN) |
39303 |
| 610 27 - Hasło przedmiotowe-nazwa ciała zbior. |
| nazwa ciała zbior. lub geogr. |
Towarzystwo Miłośników Wołynia i Polesia (Olsztyn) |
| źródło hasła |
DBN |
| 9 (RLIN) |
39223 |
| 610 27 - Hasło przedmiotowe-nazwa ciała zbior. |
| nazwa ciała zbior. lub geogr. |
Ukraińska Powstańcza Armia (UPA) |
| źródło hasła |
DBN |
| 9 (RLIN) |
39224 |
| 648 #7 - SUBJECT ADDED ENTRY--CHRONOLOGICAL TERM |
| Chronological term |
1901-2000 |
| Source of heading or term |
DBN |
| 9 (RLIN) |
34996 |
| 648 #7 - SUBJECT ADDED ENTRY--CHRONOLOGICAL TERM |
| Chronological term |
2001- |
| Source of heading or term |
DBN |
| 9 (RLIN) |
36393 |
| 650 #7 - Hasło przedmiotowe-nazwa pospolita |
| nazwa pospolita lub geogr. |
Działacze sportowi |
| źródło hasła |
DBN |
| 9 (RLIN) |
39225 |
| 650 #7 - Hasło przedmiotowe-nazwa pospolita |
| nazwa pospolita lub geogr. |
Nauczyciele wychowania fizycznego |
| źródło hasła |
DBN |
| 9 (RLIN) |
39226 |
| 650 #7 - Hasło przedmiotowe-nazwa pospolita |
| nazwa pospolita lub geogr. |
Okupacja niemiecka Polski (1939-1945) |
| źródło hasła |
DBN |
| 9 (RLIN) |
36756 |
| 650 #7 - Hasło przedmiotowe-nazwa pospolita |
| nazwa pospolita lub geogr. |
Okupacja sowiecka Polski (1939-1941) |
| źródło hasła |
DBN |
| 9 (RLIN) |
37220 |
| 650 #7 - Hasło przedmiotowe-nazwa pospolita |
| nazwa pospolita lub geogr. |
Trenerzy i instruktorzy sportowi |
| źródło hasła |
DBN |
| 9 (RLIN) |
39227 |
| 650 #7 - Hasło przedmiotowe-nazwa pospolita |
| nazwa pospolita lub geogr. |
Upamiętnianie |
| źródło hasła |
DBN |
| 9 (RLIN) |
35173 |
| 650 #7 - Hasło przedmiotowe-nazwa pospolita |
| nazwa pospolita lub geogr. |
Zbrodnia wołyńska (1943-1944) |
| źródło hasła |
DBN |
| 9 (RLIN) |
37222 |
| 651 #7 - Hasło przedmiotowe-nazwa geogr. |
| nazwa geograficzna |
Dowhe (Ukraina, obw. rówieński, rej. rówieński) |
| źródło hasła |
DBN |
| 9 (RLIN) |
39228 |
| 651 #7 - Hasło przedmiotowe-nazwa geogr. |
| nazwa geograficzna |
Kresy wschodnie Rzeczypospolitej |
| źródło hasła |
DBN |
| 9 (RLIN) |
36023 |
| 651 #7 - Hasło przedmiotowe-nazwa geogr. |
| nazwa geograficzna |
Olsztyn (woj. warmińsko-mazurskie) |
| źródło hasła |
DBN |
| 9 (RLIN) |
35996 |
| 651 #7 - Hasło przedmiotowe-nazwa geogr. |
| nazwa geograficzna |
Polska |
| źródło hasła |
DBN |
| 9 (RLIN) |
35076 |
| 651 #7 - Hasło przedmiotowe-nazwa geogr. |
| nazwa geograficzna |
Sarny (Ukraina, obw. rówieński, rej. sarneński) |
| źródło hasła |
DBN |
| 9 (RLIN) |
39229 |
| 651 #7 - Hasło przedmiotowe-nazwa geogr. |
| nazwa geograficzna |
Ukraina |
| źródło hasła |
DBN |
| 9 (RLIN) |
37199 |
| 651 #7 - Hasło przedmiotowe-nazwa geogr. |
| nazwa geograficzna |
Wołyń (Ukraina ; kraina historyczna) |
| źródło hasła |
DBN |
| 9 (RLIN) |
39230 |
| 651 #7 - Hasło przedmiotowe-nazwa geogr. |
| nazwa geograficzna |
Wołyń (Ukraina ; region) |
| określnik chronologiczny |
1900-1945 |
| określnik formy |
relacje osobiste. |
| źródło hasła |
kaba |
| 655 #7 - Termin określający rodzaj/formę |
| rodzaj/forma |
Biografia |
| źródło terminu |
DBN |
| 9 (RLIN) |
35059 |
| 658 ## - Nazwa określająca cel programu nauczania |
| główny cel programu nauczania |
Historia |
| 920 ## - ISBN |
| ISBN |
978-83-951092-1-8 (oprawa twarda) |
| 942 ## - ADDED ENTRY ELEMENTS (KOHA) |
| Source of classification or shelving scheme |
Dewey Decimal Classification |
| Koha item type |
pozycje dostępne na miejscu |